000 07657nam a22007337a 4500
005 20110708121439.0
010 _aENG-102944 B-454142-183
020 _c115.00
_a9789380202020
035 _aEN-86477 B-454142-183
037 _bDBAD/PUB
037 _bRBC/Ven
082 _a000
100 _aChandra, Shailesh
_944140
245 _aUGC (University Grants Commission) NET/ JRF/ SLET education paper II & III solved question bank with latest paper of June' 2009 /
_cby Shailesh Chandra
260 _aNoida
_bVirtuous Publications
_c2010
270 _aA-8 Hosiery Complex, Phase-II Extension
_bNoida
_e201305
300 2 _a140p.
_c24cm (pbk)
700 _929267
942 _2ddc
_cEN
_mCHA
_h000
999 _c53659
_d53659